000
00376nam a2200133Ia 4500
008
100328s9999 xx 000 0 und d
082
_b
67616
100
_a
ठाकूर दिलीप.
245
_a
अप्परस्टॉल.
260
_b
आमोद.
630
_a
अप्परस्टॉल.
730
_a
अप्परस्टॉल.
942
_c
BOOK
999
_c
553355
_d
553352